000 00725nam a2200265 i 4500
001 000038099
003 DO-SdBNP
005 20231213111142.0
007 ta
008 130313s1990 dr 000 0 spa d
040 _aDO-SdBNP
_bspa
_cBNPHU
_erda
082 _222
_bH117
245 0 0 _aHacia una planificación de la educación.
250 _a5a edición
264 _aSanto Domingo :
_bEmpresas unidas ,
_c1990.
300 _a26 p.aginas :
_c21 cm.
336 _2rdacontent
_atexto
_btxt
337 _2rdamedia
_asin mediación
_bn
338 _2rdacarrier
_avolumen
_bnc
490 1 _aPlan educativo
590 _aInventariado, 2023 / DG
830 0 _aPlan educativo
_v5
_957954
910 _aDG
942 _2ddc
_cLF2
999 _c37589
_d37589